| 000 | 00833nam a2200241Ia 4500 | ||
|---|---|---|---|
| 003 | GCL | ||
| 008 | 140319s9999 xx 000 0 ara d | ||
| 020 | _a2374270977 | ||
| 040 |
_aGCL / _cGCL |
||
| 082 | 0 | 4 |
_aق _b754.0923 _bب ف |
| 100 | 1 | _aمختار السويفى | |
| 245 | 1 | 0 |
_aفن الرسم عند القدماء المصريين / _cمختار السويفى |
| 700 | 1 | _aبيك، وليم | |
| 700 | 1 | _aاحمد قدرى | |
| 260 |
_aالقاهرة : _bهيئة الاثار المصرية ، _c1987 |
||
| 300 |
_a334 ص: _bايض، صور ؛ _c24 سم |
||
| 490 |
_aسلسلة الثقافة الاثرية والتاريخية _v8 |
||
| 650 | 0 | 4 | _aتاريخ |
| 650 | 0 | 4 | _aمصر القديمة |
| 650 | 0 | 4 | _aالحضارة الفرعونية |
| 650 | 0 | 4 | _aالفن المصرى القديم |
| 942 |
_2ddc _cBK |
||
| 999 |
_c52822 _d52822 |
||